000 00341nam a2200145Ia 4500
008 150201s2006 xx 000 0 und d
082 _a612.015
_bM06P
100 _aPURI,DINESH
245 _aTB OF MEDICAL BIOCHEMISTRY
250 _a2ND
260 _bELSEVIER
_aDELHI
_c2006
300 _a1-900
650 _aBIOCHEMISTRY
942 _2ddc
_cBK
_08
999 _c556
_d556